| 000 | 00636nam a2200229Ia 4500 | ||
|---|---|---|---|
| 005 | 20260429111917.0 | ||
| 008 | 260429s9999||||xx |||||||||||||| ||und|| | ||
| 020 | _a9789386602558 | ||
| 041 | _aEnglish | ||
| 082 |
_a613.0746 _bKHA |
||
| 100 | _aKhalsa, Sat Bir Singh | ||
| 245 | 0 |
_aPrinciples and practice of yoga in health care / _cSat Bir Singh Khalsa |
|
| 260 |
_aNew Delhi : _bSage Publications, _c2017. |
||
| 300 | _axxviii, 538 p.; pbk | ||
| 650 | _a Health care | ||
| 650 | _a Yoga therapy | ||
| 650 | _aYoga | ||
| 700 | _a Cohen, Lorenzo | ||
| 700 | _a Mccall, Timothy | ||
| 700 | _a Telles, Shirley | ||
| 942 | _cTB | ||
| 999 |
_c51385 _d51385 |
||